[Event "45th FIDE Chess Olympiad Open"]
[Site "Budapest, Hungary"]
[Date "2024.09.21"]
[Round "10"]
[White "Lima, Osvaldo Dos Santos"]
[Black "Marochkina, Nadezhda Valerevna"]
[Result "0-1"]
[Board "307"]
[WhiteFideId "14306352"]
[BlackFideId "19900490"]
[WhiteTitle "CM"]
[WhiteElo "1903"]
[BlackElo "1792"]
[WhiteTeam "Sao Tome and Principe"]
[BlackTeam "Senegal"]
[WhiteClock "0:29:03"]
[BlackClock "0:09:40"]
[Variant "Standard"]

1. c4 {[%clk 1:30:57]}  Nf6 {[%clk 1:30:37]} 2. Nc3 {[%clk 1:31:24]}  d5 {[%clk 1:30:40]} 3. cxd5 {[%clk 1:30:27]}  Nxd5 {[%clk 1:30:47]} 4. g3 {[%clk 1:30:21]}  e6 {[%clk 1:29:39]} 5. Bg2 {[%clk 1:30:31]}  c6 {[%clk 1:29:43]} 6. Nf3 {[%clk 1:30:48]}  Nd7 {[%clk 1:29:00]} 7. O-O {[%clk 1:30:46]}  Be7 {[%clk 1:27:50]} 8. d4 {[%clk 1:30:50]}  O-O {[%clk 1:27:37]} 9. e4 {[%clk 1:30:13]}  N5f6 {[%clk 1:20:00]} 10. h3 {[%clk 1:29:50]}  Bb4 {[%clk 1:17:48]} 11. Qc2 {[%clk 1:28:57]}  c5 {[%clk 1:12:06]} 12. a3 {[%clk 1:28:35]}  Ba5 {[%clk 1:12:12]} 13. dxc5 {[%clk 1:26:34]}  Bxc3 {[%clk 1:12:04]} 14. bxc3 {[%clk 1:22:56]}  Nxc5 {[%clk 1:04:12]} 15. Nd4 {[%clk 1:22:39]}  e5 {[%clk 0:54:26]} 16. Nb3 {[%clk 1:21:15]}  Nxb3 {[%clk 0:52:17]} 17. Qxb3 {[%clk 1:21:40]}  Qc7 {[%clk 0:50:43]} 18. Be3 {[%clk 1:20:27]}  Be6 {[%clk 0:50:11]} 19. Qb2 {[%clk 1:18:08]}  Bc4 {[%clk 0:44:28]} 20. Rfd1 {[%clk 1:16:03]}  b5 {[%clk 0:43:33]} 21. f4 {[%clk 1:14:49]}  Nh5 {[%clk 0:39:54]} 22. Qf2 {[%clk 1:13:22]}  Bb3 {[%clk 0:26:47]} 23. Rdc1 {[%clk 1:13:37]}  Rfd8 {[%clk 0:26:39]} 24. Kh2 {[%clk 1:13:15]}  Rd3 {[%clk 0:26:35]} 25. fxe5 {[%clk 1:12:49]}  Qxe5 {[%clk 0:23:53]} 26. Bf1 {[%clk 1:04:15]}  Rxc3 {[%clk 0:15:36]} 27. Bd4 {[%clk 1:02:52]}  Qxg3+ {[%clk 0:14:58]} 28. Qxg3 {[%clk 1:02:52]}  Rxg3 {[%clk 0:14:57]} 29. Bxb5 {[%clk 0:58:46]}  Be6 {[%clk 0:14:19]} 30. Bf1 {[%clk 0:57:30]}  Rb3 {[%clk 0:14:15]} 31. Rcb1 {[%clk 0:52:13]}  a5 {[%clk 0:08:25]} 32. Rxb3 {[%clk 0:50:00]}  Bxb3 {[%clk 0:08:47]} 33. a4 {[%clk 0:49:10]}  Bc2 {[%clk 0:08:25]} 34. Be2 {[%clk 0:45:11]}  Nf4 {[%clk 0:08:39]} 35. Bf3 {[%clk 0:41:34]}  Ne6 {[%clk 0:09:05]} 36. Be3 {[%clk 0:39:42]}  h6 {[%clk 0:08:17]} 37. e5 {[%clk 0:39:41]}  Rb8 {[%clk 0:07:40]} 38. Bc6 {[%clk 0:37:18]}  Rb2 {[%clk 0:07:29]} 39. Kg3 {[%clk 0:35:39]}  Rb3 {[%clk 0:07:24]} 40. Kf2 {[%clk 0:35:18]}  Rb2 {[%clk 0:06:55]} 41. Ke1 {[%clk 0:34:14]}  Rb3 {[%clk 0:06:23]} 42. Kd2 {[%clk 0:33:29]}  Bf5 {[%clk 0:06:16]} 43. h4 {[%clk 0:29:40]}  Rd3+ {[%clk 0:03:05]} 44. Ke2 {[%clk 0:29:51]}  Nd4+ {[%clk 0:03:09]} 45. Bxd4 {[%clk 0:28:49]}  Rxd4 {[%clk 0:03:32]} 46. h5 {[%clk 0:28:20]}  Rc4 {[%clk 0:01:52]} 47. Bb5 {[%clk 0:26:52]}  Rc5 {[%clk 0:02:00]} 48. Ke3 {[%clk 0:26:54]}  Rxe5+ {[%clk 0:24:55]} 49. Kd4 {[%clk 0:56:52]}  Re7 {[%clk 0:22:12]} 50. Kc5 {[%clk 0:56:42]}  Bd7 {[%clk 0:22:09]} 51. Kd6 {[%clk 0:57:04]}  Bxb5 {[%clk 0:17:11]} 52. Kxe7 {[%clk 0:56:12]}  Bc6 {[%clk 0:17:12]} 53. Kd6 {[%clk 0:55:24]}  Bf3 {[%clk 0:17:20]} 54. Rc1 {[%clk 0:54:38]}  Bxh5 {[%clk 0:17:13]} 55. Rc5 {[%clk 0:55:06]}  Bf3 {[%clk 0:16:58]} 56. Rxa5 {[%clk 0:54:49]}  g5 {[%clk 0:16:54]} 57. Ke5 {[%clk 0:54:32]}  Kg7 {[%clk 0:14:40]} 58. Kf5 {[%clk 0:54:57]}  Bb7 {[%clk 0:13:20]} 59. Kg4 {[%clk 0:53:52]}  Kg6 {[%clk 0:13:22]} 60. Ra7 {[%clk 0:51:54]}  f5+ {[%clk 0:13:16]} 61. Kg3 {[%clk 0:52:22]}  f4+ {[%clk 0:13:33]} 62. Kf2 {[%clk 0:50:55]}  Be4 {[%clk 0:13:25]} 63. a5 {[%clk 0:50:35]}  g4 {[%clk 0:13:39]} 64. Re7 {[%clk 0:48:18]}  g3+ {[%clk 0:13:21]} 65. Kg1 {[%clk 0:42:28]}  Bd5 {[%clk 0:13:25]} 66. Re5 {[%clk 0:40:27]}  Bf3 {[%clk 0:09:42]} 67. a6 {[%clk 0:39:13]}  h5 {[%clk 0:10:01]} 68. Re8 {[%clk 0:38:14]}  Kf7 {[%clk 0:09:09]} 69. Re5 {[%clk 0:36:47]}  Kf6 {[%clk 0:09:03]} 70. Re8 {[%clk 0:37:07]}  Kf7 {[%clk 0:06:23]} 71. Re5 {[%clk 0:37:30]}  Kg6 {[%clk 0:06:34]} 72. a7 {[%clk 0:36:34]}  h4 {[%clk 0:06:47]} 73. Re8 {[%clk 0:37:02]}  h3 {[%clk 0:07:04]} 74. Rh8 {[%clk 0:32:11]}  h2+ {[%clk 0:07:12]} 75. Rxh2 {[%clk 0:30:12]}  gxh2+ {[%clk 0:07:35]} 76. Kxh2 {[%clk 0:29:57]}  Kg5 {[%clk 0:07:52]} 77. Kh3 {[%clk 0:29:31]}  Bc6 {[%clk 0:08:13]} 78. Kh2 {[%clk 0:29:24]}  Kg4 {[%clk 0:08:37]} 79. Kg1 {[%clk 0:29:25]}  Kg3 {[%clk 0:09:01]} 80. Kf1 {[%clk 0:29:22]}  f3 {[%clk 0:09:18]} 81. Kg1 {[%clk 0:29:03]}  f2+ {[%clk 0:09:40]} 0-1

[Event "45th FIDE Chess Olympiad Open"]
[Site "Budapest, Hungary"]
[Date "2024.09.21"]
[Round "10"]
[White "Cisse, Amadou Lamine"]
[Black "Semedo, Adelino"]
[Result "0-1"]
[Board "308"]
[WhiteFideId "19900228"]
[BlackFideId "1951165"]
[WhiteElo "1948"]
[BlackElo "1827"]
[WhiteTeam "Senegal"]
[BlackTeam "Sao Tome and Principe"]
[WhiteClock "0:29:57"]
[BlackClock "0:12:26"]
[Variant "Standard"]

1. e4 {[%clk 1:29:16]}  c6 {[%clk 1:30:05]} 2. d3 {[%clk 1:29:34]}  d5 {[%clk 1:29:19]} 3. Nd2 {[%clk 1:29:52]}  g6 {[%clk 1:28:55]} 4. Ngf3 {[%clk 1:29:51]}  Bg7 {[%clk 1:28:17]} 5. g3 {[%clk 1:29:05]}  e5 {[%clk 1:26:52]} 6. Bg2 {[%clk 1:29:13]}  Ne7 {[%clk 1:26:23]} 7. O-O {[%clk 1:29:21]}  O-O {[%clk 1:25:18]} 8. Re1 {[%clk 1:29:01]}  Qc7 {[%clk 1:19:01]} 9. Qe2 {[%clk 1:28:51]}  d4 {[%clk 1:15:11]} 10. Nf1 {[%clk 1:26:19]}  c5 {[%clk 1:12:53]} 11. a4 {[%clk 1:26:00]}  Nbc6 {[%clk 1:08:26]} 12. h4 {[%clk 1:24:57]}  h5 {[%clk 1:06:25]} 13. N1h2 {[%clk 1:24:21]}  f6 {[%clk 0:58:36]} 14. Rf1 {[%clk 1:20:23]}  Be6 {[%clk 0:57:39]} 15. Ne1 {[%clk 1:17:23]}  f5 {[%clk 0:56:06]} 16. exf5 {[%clk 1:14:25]}  Nxf5 {[%clk 0:54:15]} 17. Nef3 {[%clk 1:11:51]}  Rad8 {[%clk 0:48:10]} 18. Ng5 {[%clk 1:11:15]}  Bc8 {[%clk 0:40:56]} 19. Ne4 {[%clk 1:09:41]}  Nce7 {[%clk 0:37:36]} 20. Bg5 {[%clk 1:07:36]}  b6 {[%clk 0:32:29]} 21. g4 {[%clk 1:05:14]}  hxg4 {[%clk 0:30:09]} 22. Nxg4 {[%clk 1:05:01]}  Nd5 {[%clk 0:20:53]} 23. Bxd8 {[%clk 0:58:45]}  Qxd8 {[%clk 0:20:22]} 24. Ng3 {[%clk 0:50:14]}  Nf4 {[%clk 0:20:04]} 25. Qe4 {[%clk 0:46:18]}  Nxh4 {[%clk 0:18:16]} 26. Ne3 {[%clk 0:38:24]}  dxe3 {[%clk 0:17:35]} 27. fxe3 {[%clk 0:38:51]}  Nfxg2 {[%clk 0:16:08]} 28. Rxf8+ {[%clk 0:39:05]}  Qxf8 {[%clk 0:15:12]} 29. Rf1 {[%clk 0:38:47]}  Qe7 {[%clk 0:14:34]} 30. Rf2 {[%clk 0:38:17]}  Bb7 {[%clk 0:14:05]} 31. Qc4+ {[%clk 0:37:53]}  Kh7 {[%clk 0:14:01]} 32. e4 {[%clk 0:32:42]}  Qg5 {[%clk 0:13:34]} 33. Rxg2 {[%clk 0:32:46]}  Qe3+ {[%clk 0:12:10]} 34. Kh1 {[%clk 0:29:57]}  Qf3 {[%clk 0:12:26]} 0-1

[Event "45th FIDE Chess Olympiad Open"]
[Site "Budapest, Hungary"]
[Date "2024.09.21"]
[Round "10"]
[White "Hasford, John Kojo"]
[Black "Ah Kye, Benitot"]
[Result "1-0"]
[Board "309"]
[WhiteFideId "12600083"]
[BlackFideId "9700552"]
[WhiteTitle "FM"]
[BlackTitle "CM"]
[WhiteElo "1956"]
[BlackElo "1815"]
[WhiteTeam "Ghana"]
[BlackTeam "Mauritius"]
[WhiteClock "0:54:46"]
[BlackClock "0:11:56"]
[Variant "Standard"]

1. d4 {[%clk 1:30:56]}  Nf6 {[%clk 1:30:54]} 2. Nf3 {[%clk 1:31:12]}  e6 {[%clk 1:31:15]} 3. g3 {[%clk 1:31:13]}  d5 {[%clk 1:31:31]} 4. Bg2 {[%clk 1:31:17]}  Be7 {[%clk 1:31:30]} 5. O-O {[%clk 1:31:19]}  O-O {[%clk 1:31:49]} 6. c4 {[%clk 1:31:29]}  c6 {[%clk 1:31:27]} 7. Nc3 {[%clk 1:31:12]}  Nbd7 {[%clk 1:31:11]} 8. Qb3 {[%clk 1:28:21]}  b6 {[%clk 1:30:22]} 9. Bf4 {[%clk 1:27:10]}  Nh5 {[%clk 1:30:38]} 10. Bd2 {[%clk 1:26:39]}  Nhf6 {[%clk 1:30:07]} 11. Rfe1 {[%clk 1:26:43]}  Bb7 {[%clk 1:28:53]} 12. cxd5 {[%clk 1:23:33]}  cxd5 {[%clk 1:29:08]} 13. Rac1 {[%clk 1:22:32]}  h6 {[%clk 1:19:52]} 14. h3 {[%clk 1:22:46]}  Ne4 {[%clk 1:14:12]} 15. Be3 {[%clk 1:21:39]}  Ndf6 {[%clk 1:07:38]} 16. Ne5 {[%clk 1:20:25]}  Nd6 {[%clk 1:06:18]} 17. a4 {[%clk 1:19:44]}  Re8 {[%clk 0:57:34]} 18. Nb5 {[%clk 1:19:31]}  Nxb5 {[%clk 0:55:26]} 19. axb5 {[%clk 1:19:50]}  Bd6 {[%clk 0:53:13]} 20. Nc6 {[%clk 1:18:58]}  Qd7 {[%clk 0:53:15]} 21. Rc2 {[%clk 1:16:28]}  a6 {[%clk 0:53:09]} 22. Rec1 {[%clk 1:16:30]}  axb5 {[%clk 0:53:04]} 23. Ne5 {[%clk 1:16:24]}  Qd8 {[%clk 0:50:38]} 24. Qxb5 {[%clk 1:14:22]}  Ba6 {[%clk 0:49:53]} 25. Qb3 {[%clk 1:13:16]}  Bxe5 {[%clk 0:44:38]} 26. dxe5 {[%clk 1:13:27]}  Nd7 {[%clk 0:45:00]} 27. Bd4 {[%clk 1:11:13]}  Qb8 {[%clk 0:35:21]} 28. f4 {[%clk 1:11:09]}  Bc4 {[%clk 0:34:47]} 29. Qb4 {[%clk 1:10:11]}  Ra5 {[%clk 0:33:56]} 30. Qe1 {[%clk 1:05:06]}  Nc5 {[%clk 0:30:26]} 31. b4 {[%clk 1:03:52]}  Nb3 {[%clk 0:30:27]} 32. bxa5 {[%clk 1:03:57]}  Nxd4 {[%clk 0:30:43]} 33. Rb2 {[%clk 1:02:36]}  b5 {[%clk 0:30:38]} 34. Qf2 {[%clk 1:02:20]}  Qa7 {[%clk 0:26:29]} 35. Rd2 {[%clk 1:01:45]}  Nc6 {[%clk 0:26:42]} 36. Qxa7 {[%clk 1:01:45]}  Nxa7 {[%clk 0:26:42]} 37. e4 {[%clk 1:01:47]}  Nc6 {[%clk 0:24:28]} 38. a6 {[%clk 0:57:36]}  Na5 {[%clk 0:21:21]} 39. Rb1 {[%clk 0:57:36]}  Nb3 {[%clk 0:17:32]} 40. Rdb2 {[%clk 0:57:35]}  Nc5 {[%clk 0:15:39]} 41. exd5 {[%clk 0:56:32]}  exd5 {[%clk 0:15:23]} 42. a7 {[%clk 0:56:32]}  Ra8 {[%clk 0:13:59]} 43. Rxb5 {[%clk 0:56:01]}  Bxb5 {[%clk 0:14:14]} 44. Rxb5 {[%clk 0:56:26]}  Rxa7 {[%clk 0:12:16]} 45. Rxc5 {[%clk 0:56:46]}  d4 {[%clk 0:12:21]} 46. Rd5 {[%clk 0:55:39]}  Ra4 {[%clk 0:12:00]} 47. Rd8+ {[%clk 0:55:17]}  Kh7 {[%clk 0:12:26]} 48. Be4+ {[%clk 0:55:15]}  g6 {[%clk 0:12:49]} 49. Rd7 {[%clk 0:54:43]}  Kg8 {[%clk 0:11:56]} 50. Bd5 {[%clk 0:54:46]} 1-0

[Event "45th FIDE Chess Olympiad Open"]
[Site "Budapest, Hungary"]
[Date "2024.09.21"]
[Round "10"]
[White "Chinasamy, Devarajen"]
[Black "Anquandah, Francis Eric"]
[Result "1/2-1/2"]
[Board "310"]
[WhiteFideId "9700072"]
[BlackFideId "12600148"]
[WhiteTitle "CM"]
[BlackTitle "IM"]
[WhiteElo "1975"]
[BlackElo "1941"]
[WhiteTeam "Mauritius"]
[BlackTeam "Ghana"]
[WhiteClock "0:38:04"]
[BlackClock "0:17:24"]
[Variant "Standard"]

1. d4 {[%clk 1:30:53]}  Nf6 {[%clk 1:30:49]} 2. Nc3 {[%clk 1:31:16]}  d5 {[%clk 1:30:40]} 3. Bf4 {[%clk 1:31:37]}  e6 {[%clk 1:30:15]} 4. Nb5 {[%clk 1:31:24]}  Bd6 {[%clk 1:30:17]} 5. Nxd6+ {[%clk 1:31:41]}  cxd6 {[%clk 1:30:30]} 6. e3 {[%clk 1:31:51]}  O-O {[%clk 1:30:33]} 7. g4 {[%clk 1:31:17]}  Nc6 {[%clk 1:30:28]} 8. g5 {[%clk 1:26:30]}  Ne8 {[%clk 1:12:53]} 9. Nf3 {[%clk 1:22:06]}  Qe7 {[%clk 1:12:34]} 10. Bb5 {[%clk 1:13:53]}  e5 {[%clk 1:09:18]} 11. Bxc6 {[%clk 1:11:58]}  exf4 {[%clk 1:09:11]} 12. Bxd5 {[%clk 1:12:08]}  fxe3 {[%clk 1:05:59]} 13. Qe2 {[%clk 1:10:00]}  exf2+ {[%clk 1:04:42]} 14. Kxf2 {[%clk 1:10:26]}  Qxe2+ {[%clk 1:04:48]} 15. Kxe2 {[%clk 1:10:50]}  Nc7 {[%clk 1:04:24]} 16. Bc4 {[%clk 1:10:48]}  Bg4 {[%clk 1:04:26]} 17. Kf2 {[%clk 1:10:19]}  Bxf3 {[%clk 1:04:14]} 18. Kxf3 {[%clk 1:10:43]}  g6 {[%clk 1:02:49]} 19. Rae1 {[%clk 1:10:21]}  Rae8 {[%clk 1:02:59]} 20. c3 {[%clk 1:10:09]}  Kg7 {[%clk 1:02:47]} 21. Re3 {[%clk 1:06:52]}  f6 {[%clk 1:00:10]} 22. gxf6+ {[%clk 1:03:49]}  Kxf6 {[%clk 0:53:33]} 23. Rhe1 {[%clk 1:02:20]}  Rxe3+ {[%clk 0:51:42]} 24. Rxe3 {[%clk 1:02:45]}  Re8 {[%clk 0:51:49]} 25. Rxe8 {[%clk 0:55:33]}  Nxe8 {[%clk 0:52:17]} 26. Bd5 {[%clk 0:55:54]}  b6 {[%clk 0:52:34]} 27. h4 {[%clk 0:52:49]}  Ng7 {[%clk 0:50:06]} 28. Be4 {[%clk 0:50:16]}  h6 {[%clk 0:49:46]} 29. b4 {[%clk 0:49:37]}  Ne6 {[%clk 0:28:33]} 30. Ke3 {[%clk 0:40:27]}  g5 {[%clk 0:23:40]} 31. hxg5+ {[%clk 0:40:38]}  hxg5 {[%clk 0:24:07]} 32. Bc6 {[%clk 0:39:45]}  Nf4 {[%clk 0:22:19]} 33. c4 {[%clk 0:39:02]}  Ke6 {[%clk 0:22:07]} 34. Bf3 {[%clk 0:38:51]}  Kf5 {[%clk 0:18:31]} 35. Be4+ {[%clk 0:36:38]}  Ke6 {[%clk 0:18:50]} 36. Bf3 {[%clk 0:36:59]}  Kf5 {[%clk 0:17:26]} 37. Be4+ {[%clk 0:37:17]}  Ke6 {[%clk 0:17:28]} 38. Bf3 {[%clk 0:37:38]}  Kf5 {[%clk 0:17:24]} 39. Be4+ {[%clk 0:38:04]} 1/2-1/2

[Event "45th FIDE Chess Olympiad Open"]
[Site "Budapest, Hungary"]
[Date "2024.09.21"]
[Round "10"]
[White "Fomevor, Cephas Clinton"]
[Black "Lam Kin Cheung, Stephane"]
[Result "0-1"]
[Board "311"]
[WhiteFideId "12601330"]
[BlackFideId "9700579"]
[WhiteElo "1873"]
[BlackElo "1677"]
[WhiteTeam "Ghana"]
[BlackTeam "Mauritius"]
[WhiteClock "0:08:51"]
[BlackClock "0:12:05"]
[Variant "Standard"]

1. d4 {[%clk 1:30:51]}  c5 {[%clk 1:30:57]} 2. c3 {[%clk 1:31:17]}  cxd4 {[%clk 1:25:51]} 3. cxd4 {[%clk 1:31:44]}  Nf6 {[%clk 1:25:37]} 4. Nc3 {[%clk 1:31:52]}  d5 {[%clk 1:25:03]} 5. Nf3 {[%clk 1:31:57]}  Nc6 {[%clk 1:24:38]} 6. Bf4 {[%clk 1:27:24]}  g6 {[%clk 1:23:36]} 7. e3 {[%clk 1:27:24]}  Bg7 {[%clk 1:23:07]} 8. Be2 {[%clk 1:26:35]}  a6 {[%clk 1:22:39]} 9. Rc1 {[%clk 1:26:18]}  O-O {[%clk 1:22:46]} 10. O-O {[%clk 1:25:40]}  Bf5 {[%clk 1:19:42]} 11. Bg5 {[%clk 1:22:03]}  Ne4 {[%clk 1:14:28]} 12. Bh4 {[%clk 1:17:15]}  Nxc3 {[%clk 1:13:49]} 13. Rxc3 {[%clk 1:16:29]}  Rc8 {[%clk 1:13:16]} 14. Qd2 {[%clk 1:12:09]}  Qd7 {[%clk 1:11:02]} 15. Rfc1 {[%clk 1:07:51]}  f6 {[%clk 1:10:05]} 16. Rc5 {[%clk 1:03:50]}  Na7 {[%clk 1:07:02]} 17. Bg3 {[%clk 0:56:03]}  Rxc5 {[%clk 1:05:37]} 18. Rxc5 {[%clk 0:55:19]}  Rc8 {[%clk 1:04:05]} 19. Qa5 {[%clk 0:51:10]}  Rxc5 {[%clk 0:58:55]} 20. Qxc5 {[%clk 0:50:06]}  Nc6 {[%clk 0:59:00]} 21. b4 {[%clk 0:46:26]}  e6 {[%clk 0:47:47]} 22. Qb6 {[%clk 0:43:30]}  Bf8 {[%clk 0:42:30]} 23. b5 {[%clk 0:41:51]}  axb5 {[%clk 0:41:34]} 24. Bxb5 {[%clk 0:42:02]}  Be7 {[%clk 0:39:14]} 25. Bc7 {[%clk 0:39:18]}  Qc8 {[%clk 0:35:42]} 26. Bxc6 {[%clk 0:39:08]}  bxc6 {[%clk 0:36:00]} 27. Qxc6 {[%clk 0:37:57]}  Kf7 {[%clk 0:34:13]} 28. Qb6 {[%clk 0:36:31]}  Bd8 {[%clk 0:31:37]} 29. g4 {[%clk 0:24:57]}  Bxc7 {[%clk 0:30:31]} 30. Qc6 {[%clk 0:24:49]}  Bxg4 {[%clk 0:29:58]} 31. Kg2 {[%clk 0:24:29]}  Bxf3+ {[%clk 0:29:42]} 32. Kxf3 {[%clk 0:24:58]}  Qd8 {[%clk 0:28:52]} 33. a4 {[%clk 0:24:57]}  Qd6 {[%clk 0:27:36]} 34. Qb7 {[%clk 0:24:56]}  Qb6 {[%clk 0:17:33]} 35. Qc8 {[%clk 0:24:50]}  Kg7 {[%clk 0:16:16]} 36. Qd7+ {[%clk 0:21:21]}  Kh6 {[%clk 0:16:00]} 37. Qf7 {[%clk 0:18:18]}  Bd8 {[%clk 0:14:47]} 38. Qf8+ {[%clk 0:11:07]}  Kh5 {[%clk 0:14:47]} 39. Qf7 {[%clk 0:09:41]}  h6 {[%clk 0:14:38]} 40. Qd7 {[%clk 0:09:23]}  Bc7 {[%clk 0:12:20]} 41. Qg7 {[%clk 0:03:42]}  e5 {[%clk 0:06:47]} 42. Qd7 {[%clk 0:29:24]}  e4+ {[%clk 0:06:47]} 43. Kg2 {[%clk 0:29:24]}  Qd6 {[%clk 0:30:28]} 44. Qb5 {[%clk 0:27:28]}  Qxh2+ {[%clk 0:30:25]} 45. Kf1 {[%clk 0:27:54]}  Qd6 {[%clk 0:21:31]} 46. a5 {[%clk 0:26:51]}  f5 {[%clk 0:18:41]} 47. a6 {[%clk 0:20:56]}  Qb6 {[%clk 0:18:38]} 48. Qa4 {[%clk 0:20:26]}  Bb8 {[%clk 0:17:53]} 49. Kg2 {[%clk 0:19:40]}  Qc7 {[%clk 0:17:46]} 50. Qb5 {[%clk 0:17:39]}  Qd6 {[%clk 0:16:36]} 51. Qb7 {[%clk 0:16:29]}  Kg4 {[%clk 0:15:18]} 52. Qb2 {[%clk 0:11:03]}  h5 {[%clk 0:13:24]} 53. Qe2+ {[%clk 0:11:03]}  Kg5 {[%clk 0:13:28]} 54. Qb5 {[%clk 0:10:43]}  h4 {[%clk 0:13:18]} 55. Qc5 {[%clk 0:08:38]}  h3+ {[%clk 0:12:25]} 56. Kf1 {[%clk 0:08:51]}  Qxa6+ {[%clk 0:12:05]} 0-1

[Event "45th FIDE Chess Olympiad Open"]
[Site "Budapest, Hungary"]
[Date "2024.09.21"]
[Round "10"]
[White "Lee Luen Mang, Stefan"]
[Black "Frempong-Smart Daniel"]
[Result "1-0"]
[Board "312"]
[WhiteFideId "9700242"]
[BlackFideId "12601659"]
[WhiteElo "1803"]
[BlackElo "1863"]
[WhiteTeam "Mauritius"]
[BlackTeam "Ghana"]
[WhiteClock "0:24:36"]
[BlackClock "0:48:13"]
[Variant "Standard"]

1. d4 {[%clk 1:30:55]}  d5 {[%clk 1:30:53]} 2. c4 {[%clk 1:31:20]}  c6 {[%clk 1:31:19]} 3. Nf3 {[%clk 1:31:46]}  Nf6 {[%clk 1:31:33]} 4. Qc2 {[%clk 1:31:50]}  g6 {[%clk 1:31:11]} 5. cxd5 {[%clk 1:30:35]}  cxd5 {[%clk 1:31:29]} 6. Bf4 {[%clk 1:31:03]}  Nc6 {[%clk 1:31:29]} 7. h3 {[%clk 1:31:02]}  Bg7 {[%clk 1:31:17]} 8. e3 {[%clk 1:31:25]}  O-O {[%clk 1:30:40]} 9. Be2 {[%clk 1:31:31]}  Bf5 {[%clk 1:30:54]} 10. Qb3 {[%clk 1:31:32]}  Rc8 {[%clk 1:24:34]} 11. Nc3 {[%clk 1:28:37]}  Na5 {[%clk 1:23:35]} 12. Qb4 {[%clk 1:28:17]}  Ne4 {[%clk 1:20:38]} 13. Rc1 {[%clk 1:28:21]}  a6 {[%clk 1:08:54]} 14. O-O {[%clk 1:27:49]}  Nxc3 {[%clk 1:01:32]} 15. Rxc3 {[%clk 1:27:57]}  Rxc3 {[%clk 1:01:45]} 16. Qxc3 {[%clk 1:28:20]}  Nc6 {[%clk 1:02:07]} 17. Rc1 {[%clk 1:22:23]}  Qb6 {[%clk 1:02:13]} 18. a3 {[%clk 1:08:12]}  f6 {[%clk 1:00:38]} 19. b4 {[%clk 1:06:35]}  Rc8 {[%clk 0:57:48]} 20. Qb3 {[%clk 1:00:09]}  Be6 {[%clk 0:55:50]} 21. Nd2 {[%clk 0:49:57]}  Kf7 {[%clk 0:55:29]} 22. Rc5 {[%clk 0:44:09]}  Qd8 {[%clk 0:51:14]} 23. Bf3 {[%clk 0:42:25]}  b6 {[%clk 0:51:23]} 24. Bxd5 {[%clk 0:41:18]}  bxc5 {[%clk 0:51:46]} 25. Bxe6+ {[%clk 0:41:45]}  Kf8 {[%clk 0:51:57]} 26. Bxc8 {[%clk 0:41:56]}  Qxc8 {[%clk 0:51:49]} 27. bxc5 {[%clk 0:41:30]}  e5 {[%clk 0:52:08]} 28. dxe5 {[%clk 0:39:19]}  fxe5 {[%clk 0:52:07]} 29. Bg3 {[%clk 0:38:42]}  Qd7 {[%clk 0:52:29]} 30. Ne4 {[%clk 0:38:30]}  Na5 {[%clk 0:51:42]} 31. Qb8+ {[%clk 0:38:16]}  Kf7 {[%clk 0:49:39]} 32. Bh4 {[%clk 0:26:51]}  Bf8 {[%clk 0:48:13]} 33. Qxe5 {[%clk 0:24:36]} 1-0

[Event "45th FIDE Chess Olympiad Open"]
[Site "Budapest, Hungary"]
[Date "2024.09.21"]
[Round "10"]
[White "Kumar, Manoj"]
[Black "Hemam, Moulaye Brahim"]
[Result "1/2-1/2"]
[Board "313"]
[WhiteFideId "11400064"]
[BlackFideId "19600054"]
[WhiteTitle "CM"]
[BlackTitle "CM"]
[WhiteElo "1951"]
[BlackElo "1977"]
[WhiteTeam "Fiji"]
[BlackTeam "Mauritania"]
[WhiteClock "0:01:19"]
[BlackClock "0:42:48"]
[Variant "Standard"]

1. Nf3 {[%clk 1:30:53]}  Nf6 {[%clk 1:30:49]} 2. d4 {[%clk 1:31:17]}  g6 {[%clk 1:31:11]} 3. Bf4 {[%clk 1:31:22]}  Bg7 {[%clk 1:31:33]} 4. e3 {[%clk 1:31:11]}  O-O {[%clk 1:31:55]} 5. Be2 {[%clk 1:31:28]}  d6 {[%clk 1:32:20]} 6. O-O {[%clk 1:31:51]}  b6 {[%clk 1:32:10]} 7. c4 {[%clk 1:31:49]}  Bb7 {[%clk 1:32:27]} 8. Nc3 {[%clk 1:32:13]}  Nbd7 {[%clk 1:32:43]} 9. h3 {[%clk 1:32:32]}  Ne4 {[%clk 1:32:56]} 10. Qc2 {[%clk 1:26:47]}  Nxc3 {[%clk 1:32:11]} 11. Qxc3 {[%clk 1:26:45]}  c5 {[%clk 1:32:06]} 12. Rad1 {[%clk 1:16:57]}  Qc7 {[%clk 1:30:28]} 13. Qd2 {[%clk 1:13:36]}  cxd4 {[%clk 1:26:03]} 14. exd4 {[%clk 1:13:49]}  Rac8 {[%clk 1:26:17]} 15. b3 {[%clk 1:13:27]}  Rfd8 {[%clk 1:23:29]} 16. Bg5 {[%clk 1:05:02]}  f6 {[%clk 1:18:39]} 17. Bh6 {[%clk 0:57:07]}  e5 {[%clk 1:18:52]} 18. Bxg7 {[%clk 0:57:27]}  Kxg7 {[%clk 1:19:12]} 19. Qb2 {[%clk 0:56:41]}  e4 {[%clk 1:15:24]} 20. Nh2 {[%clk 0:46:29]}  f5 {[%clk 1:14:14]} 21. Rfe1 {[%clk 0:31:04]}  d5 {[%clk 1:13:36]} 22. f3 {[%clk 0:27:03]}  Nf6 {[%clk 1:05:37]} 23. Nf1 {[%clk 0:19:40]}  dxc4 {[%clk 0:51:57]} 24. bxc4 {[%clk 0:17:37]}  exf3 {[%clk 0:52:03]} 25. gxf3 {[%clk 0:17:42]}  Re8 {[%clk 0:50:58]} 26. d5 {[%clk 0:16:27]}  Kf7 {[%clk 0:49:16]} 27. Qd4 {[%clk 0:15:25]}  Qc5 {[%clk 0:48:36]} 28. Kf2 {[%clk 0:13:10]}  Ba6 {[%clk 0:45:45]} 29. Qxc5 {[%clk 0:10:06]}  Rxc5 {[%clk 0:46:05]} 30. Nd2 {[%clk 0:10:06]}  Ra5 {[%clk 0:43:20]} 31. Ra1 {[%clk 0:10:06]}  Ra4 {[%clk 0:43:14]} 32. a3 {[%clk 0:08:48]}  Bb7 {[%clk 0:39:06]} 33. Bd1 {[%clk 0:08:22]}  Rxe1 {[%clk 0:39:18]} 34. Kxe1 {[%clk 0:08:49]}  Ra6 {[%clk 0:39:16]} 35. a4 {[%clk 0:06:31]}  Nd7 {[%clk 0:39:34]} 36. Nb3 {[%clk 0:06:32]}  Ke7 {[%clk 0:39:11]} 37. Kd2 {[%clk 0:05:32]}  Kd6 {[%clk 0:38:38]} 38. Kc3 {[%clk 0:04:56]}  Nc5 {[%clk 0:36:53]} 39. Nd4 {[%clk 0:05:14]}  Bc8 {[%clk 0:36:08]} 40. Nc6 {[%clk 0:01:26]}  Bd7 {[%clk 0:34:48]} 41. Nb8 {[%clk 0:01:25]}  Ra5 {[%clk 0:35:11]} 42. Nxd7 {[%clk 0:01:14]}  Nxd7 {[%clk 0:35:29]} 43. Kb4 {[%clk 0:01:07]}  Rc5 {[%clk 0:32:31]} 44. a5 {[%clk 0:14:33]}  Rxa5 {[%clk 0:50:09]} 45. Rxa5 {[%clk 0:13:14]}  bxa5+ {[%clk 0:50:30]} 46. Kxa5 {[%clk 0:10:44]}  Kc5 {[%clk 0:49:28]} 47. Be2 {[%clk 0:10:57]}  Nb8 {[%clk 0:49:35]} 48. f4 {[%clk 0:08:20]}  Nd7 {[%clk 0:45:13]} 49. Ka6 {[%clk 0:08:28]}  Nf6 {[%clk 0:45:36]} 50. Kxa7 {[%clk 0:08:35]}  Nxd5 {[%clk 0:45:59]} 51. cxd5 {[%clk 0:07:14]}  Kxd5 {[%clk 0:46:13]} 52. Kb6 {[%clk 0:03:06]}  Ke4 {[%clk 0:46:34]} 53. Kc5 {[%clk 0:03:09]}  Kxf4 {[%clk 0:46:52]} 54. Kd4 {[%clk 0:02:28]}  Kg3 {[%clk 0:47:07]} 55. Ke5 {[%clk 0:01:36]}  Kxh3 {[%clk 0:47:02]} 56. Kf4 {[%clk 0:01:49]}  Kh4 {[%clk 0:42:23]} 57. Bd1 {[%clk 0:01:09]}  h5 {[%clk 0:42:11]} 58. Bf3 {[%clk 0:00:48]}  g5+ {[%clk 0:42:26]} 59. Kxf5 {[%clk 0:01:16]}  g4 {[%clk 0:42:26]} 60. Be4 {[%clk 0:00:41]}  Kg3 {[%clk 0:41:36]} 61. Kg5 {[%clk 0:00:41]}  h4 {[%clk 0:41:59]} 62. Bf5 {[%clk 0:01:08]}  h3 {[%clk 0:42:19]} 63. Be4 {[%clk 0:01:09]}  h2 {[%clk 0:42:35]} 64. Bh1 {[%clk 0:00:55]}  Kh3 {[%clk 0:42:48]} 65. Kf4 {[%clk 0:01:19]} 1/2-1/2